Does Generosity Generate Generosity? An Experimental Study of Reputation Effects in a Dictator Game
Skúmanie ako informácie o predchádzajúcej činnosti párového subjektu ovplyvňujú jeho vlastné správanie v nestrategickom prostredí hry na diktátora.
Salvato in:
| Autore principale: | |
|---|---|
| Natura: | Capitolo di libro |
| Lingua: | inglese |
| Soggetti: | |
| Tags: |
Nessun Tag, puoi essere il primo ad aggiungerne!!
|
MARC
| LEADER | 00000naa a2200000 4500 | ||
|---|---|---|---|
| 001 | 0283203 | ||
| 005 | 20220628123128.6 | ||
| 041 | 0 | |a eng | |
| 044 | |a US | ||
| 245 | 1 | 0 | |a Does Generosity Generate Generosity? An Experimental Study of Reputation Effects in a Dictator Game |c Maroš Servátka |
| 520 | |a Skúmanie ako informácie o predchádzajúcej činnosti párového subjektu ovplyvňujú jeho vlastné správanie v nestrategickom prostredí hry na diktátora. | ||
| 610 | 2 | 0 | |a psychológia |
| 610 | 2 | 0 | |a experimenty |
| 100 | 1 | |a Servátka, Maroš, 1976- | |